| 000 | 00619nam a2200205 a 4500 | ||
|---|---|---|---|
| 005 | 20210223124038.0 | ||
| 008 | 991125n 000 0 u | ||
| 035 | _aUPN01000102390 | ||
| 100 |
_aCISNEROS PAZ, Erasmo _935020 |
||
| 222 | _aPEDAGOGIA : REVISTA DE LA UNIVERISDAD PEDAGOGICA NACIONAL | ||
| 245 | _aTlatelolco y la educación indÃgena | ||
| 260 | _aMEXICO | ||
| 300 | _a81-90 | ||
| 362 | _a1989 Vol. 6, no. 20 oct.-dic. | ||
| 653 | 0 | _aCOLEGIO DE LA LSANTA CRUZ DE SANTIAGO TLATELOLCO | |
| 653 | 0 | _aEDUCACION | |
| 653 | 0 | _aTLATELOLCO (CIUDAD DE MEXICO) | |
| 904 |
_aAC _b040201 |
||
| 905 | _aArticulo | ||
| 999 |
_c78169 _d78169 |
||